{"text_format":"3","workbook":"xlsx","n_sheets":1,"sheets":["Sheet1"],"read":"whole","date_system":"1900"}

{"sheet":"Sheet1","index":0,"n_rows":43,"n_cols":29,"rows_kept":43,"merged":[[6,0,6,1],[8,9,10,16],[9,1,10,3],[12,0,12,1],[14,10,14,12],[15,10,15,12],[16,10,16,12],[17,10,17,12],[18,10,18,12],[21,0,21,1],[27,0,27,1],[42,0,42,11]]}
[]
["Costs based on RSMeans data",{"$nulls":15},"COST ESTIMATE REPORT"]
[{"$nulls":16},"DATE: 04/25/2023"]
[]
["Estimate Name:","CSS 92878 - WO 12582 - NY052 Repair Two Air Regulators"]
[]
["ESTIMATE INFORMATION"]
[]
["Client Name: ","99th",{"$nulls":3},"Type:","Unit",null,"Notes:"]
["Estimate Address:","198 Cornwell Street, Penn Yan, NY 14527-1343",{"$nulls":3},"Measurement System:","US Standard"]
[]
[]
["COST DATA"]
[]
["Estimate Summary:",{"$nulls":8},"Catalog:","Facilities and Commercial Renovation"]
[null,"Material","Labor","Equipment","Total*",{"$nulls":4},"Format:","MasterFormat 2018"]
["Base Total",{"$f":"SUBTOTAL(9,N31:N41)","v":{"v":1277.9399999999998,"d":"$1,277.94"}},{"$f":"SUBTOTAL(9,O31:O41)","v":{"v":1102.75,"d":"$1,102.75"}},{"$f":"SUBTOTAL(9,P31:P41)","v":{"v":8.27,"d":"$8.27"}},{"$f":"SUBTOTAL(9,Q31:Q41)","v":{"v":2388.96,"d":"$2,388.96"}},{"$nulls":4},"Release:","Year 2023 Quarter 1"]
["Total O&P",{"$f":"SUBTOTAL(9,V31:V41)","v":{"v":1406.04,"d":"$1,406.04"}},{"$f":"SUBTOTAL(9,W31:W41)","v":{"v":1792.3600000000001,"d":"$1,792.36"}},{"$f":"SUBTOTAL(9,X31:X41)","v":{"v":9.11,"d":"$9.11"}},{"$f":"SUBTOTAL(9,Y31:Y41)","v":{"v":3207.51,"d":"$3,207.51"}},{"$nulls":4},"Labor Type:","Repair & Remodeling"]
["*\"Total\" column values include the cost of Exception lines that may not be included in the Material, Labor and Equipment totals.",{"$nulls":8},"City Cost Index:","NEW YORK / ROCHESTER (144-146)"]
[]
[]
["LEGEND"]
[]
["Line Source:","U - User defined line item"]
[null,"A - Adjustment/Modifier"]
[null,"E - Exception lines"]
[]
["ESTIMATE"]
[]
["Quantity","LineNumber","Line Source","SubContracted Ind.","Description","Crew","Daily Output","Labor Hours","Unit","Material","Labor","Equipment","Total"," Ext. Mat.","Ext. Labor","Ext. Equip.","Ext. Total","Mat. O&P","Labor O&P","Equip. O&P"," Total O&P","Ext. Mat. O&P"," Ext. Labor O&P","Ext. Equip. O&P","Ext. Total O&P","Labor Type","Notes"]
[{"v":0.2,"d":"0.20"},"013113200160","","","Field personnel, general purpose laborer, average","1 Clab",0.2,40,"Week",0,{"v":1323.68,"d":"$1,323.68"},0,{"$f":"J31+K31+L31","v":{"v":1323.68,"d":"$1,323.68"}},{"$f":"ROUND(A31*J31,2)","v":0},{"$f":"ROUND(A31*K31,2)","v":{"v":264.74,"d":"$264.74"}},{"$f":"ROUND(A31*L31,2)","v":0},{"$f":"ROUND(M31*A31,2)","v":{"v":264.74,"d":"$264.74"}},0,{"v":2147.85,"d":"$2,147.85"},0,{"$f":"R31+S31+T31","v":{"v":2147.85,"d":"$2,147.85"}},{"$f":"ROUND(A31*R31,2)","v":0},{"$f":"ROUND(A31*S31,2)","v":{"v":429.57,"d":"$429.57"}},{"$f":"ROUND(A31*T31,2)","v":0},{"$f":"ROUND(A31*U31,2)","v":{"v":429.57,"d":"$429.57"}},"OPN","Labor to remove existing equipment\n",null,"15"]
[{"v":1,"d":"1.00"},"017413200100","","","Cleaning up, cleanup of floor area, final by GC at end of job","A5",11.5,1.565,"M.S.F.",{"v":5.03,"d":"$5.03"},{"v":74.93,"d":"$74.93"},{"v":8.27,"d":"$8.27"},{"v":88.23,"d":"$88.23"},{"v":5.03,"d":"$5.03"},{"v":74.93,"d":"$74.93"},{"v":8.27,"d":"$8.27"},{"v":88.23,"d":"$88.23"},{"v":5.53,"d":"$5.53"},{"v":118.88,"d":"$118.88"},{"v":9.11,"d":"$9.11"},{"v":133.51999999999998,"d":"$133.52"},{"v":5.53,"d":"$5.53"},{"v":118.88,"d":"$118.88"},{"v":9.11,"d":"$9.11"},{"v":133.52,"d":"$133.52"},"RR","",null,"3"]
[{"v":1,"d":"1.00"},"111119103100","","","Automotive equipment, lube equipment, hose reel, oil/lube, 1,000 psi, incl. hose","2 Sswk",2,8,"Ea.",{"v":255.32,"d":"$255.32"},{"v":370.08,"d":"$370.08"},0,{"v":625.4,"d":"$625.40"},{"v":255.32,"d":"$255.32"},{"v":370.08,"d":"$370.08"},0,{"v":625.4,"d":"$625.40"},{"v":280.85,"d":"$280.85"},{"v":627.08,"d":"$627.08"},0,{"v":907.9300000000001,"d":"$907.93"},{"v":280.85,"d":"$280.85"},{"v":627.08,"d":"$627.08"},0,{"v":907.93,"d":"$907.93"},"OPN","",null,"17"]
[{"v":10,"d":"10.00"},"220529104290","","","Pipe hanger / support, strap, 1/2\" pipe size, type number 26 per MSS-SP58","Q1",142,0.113,"Ea.",{"v":4.98,"d":"$4.98"},{"v":4.53,"d":"$4.53"},0,{"v":9.510000000000002,"d":"$9.51"},{"v":49.8,"d":"$49.80"},{"v":45.3,"d":"$45.30"},0,{"v":95.1,"d":"$95.10"},{"v":5.45,"d":"$5.45"},{"v":7.42,"d":"$7.42"},0,{"v":12.870000000000001,"d":"$12.87"},{"v":54.5,"d":"$54.50"},{"v":74.2,"d":"$74.20"},0,{"v":128.7,"d":"$128.70"},"OPN","",null,"14"]
[{"v":1,"d":"1.00"},"221113450080","","","Elbow, 90 Deg., steel, cast iron, black, straight, threaded, standard weight, 3/8\"","1 Plum",16,0.5,"Ea.",{"v":26.88,"d":"$26.88"},{"v":33.84,"d":"$33.84"},0,{"v":60.72,"d":"$60.72"},{"v":26.88,"d":"$26.88"},{"v":33.84,"d":"$33.84"},0,{"v":60.72,"d":"$60.72"},{"v":29.62,"d":"$29.62"},{"v":52.17,"d":"$52.17"},0,{"v":81.79,"d":"$81.79"},{"v":29.62,"d":"$29.62"},{"v":52.17,"d":"$52.17"},0,{"v":81.79,"d":"$81.79"},"RR","",null,"9"]
[{"v":2,"d":"2.00"},"221113450100","","","Elbow, 90 Deg., steel, cast iron, black, straight, threaded, standard weight, 3/4\"","1 Plum",14,0.571,"Ea.",{"v":12.34,"d":"$12.34"},{"v":38.54,"d":"$38.54"},0,{"v":50.879999999999995,"d":"$50.88"},{"v":24.68,"d":"$24.68"},{"v":77.08,"d":"$77.08"},0,{"v":101.76,"d":"$101.76"},{"v":13.6,"d":"$13.60"},{"v":59.69,"d":"$59.69"},0,{"v":73.28999999999999,"d":"$73.29"},{"v":27.2,"d":"$27.20"},{"v":119.38,"d":"$119.38"},0,{"v":146.58,"d":"$146.58"},"RR","",null,"7"]
[{"v":4,"d":"4.00"},"221113454712","","","Nipple, steel, black, threaded, standard weight, 3/4\" x 4\" long","1 Plum",18,0.444,"Ea.",{"v":7.79,"d":"$7.79"},{"v":30.08,"d":"$30.08"},0,{"v":37.87,"d":"$37.87"},{"v":31.16,"d":"$31.16"},{"v":120.32,"d":"$120.32"},0,{"v":151.48,"d":"$151.48"},{"v":8.61,"d":"$8.61"},{"v":46.53,"d":"$46.53"},0,{"v":55.14,"d":"$55.14"},{"v":34.44,"d":"$34.44"},{"v":186.12,"d":"$186.12"},0,{"v":220.56,"d":"$220.56"},"RR","",null,"8"]
[{"v":1,"d":"1.00"},"221119143100","","","Flexible metal hose, stainless steel braided, welded on carbon steel ends, threaded, 1/2\" diameter x 12\"","1 Stpi",24,0.333,"Ea.",{"v":89.95,"d":"$89.95"},{"v":15.7,"d":"$15.70"},0,{"v":105.65,"d":"$105.65"},{"v":89.95,"d":"$89.95"},{"v":15.7,"d":"$15.70"},0,{"v":105.65,"d":"$105.65"},{"v":99.28,"d":"$99.28"},{"v":25.38,"d":"$25.38"},0,{"v":124.66,"d":"$124.66"},{"v":99.28,"d":"$99.28"},{"v":25.38,"d":"$25.38"},0,{"v":124.66,"d":"$124.66"},"OPN","",null,"12"]
[{"v":2,"d":"2.00"},"221513103520","","","Compressor accessory, combination air line filter, regulator and lubricator, 3/8\" NPT, 85 SCFM max","1 Stpi",16,0.5,"Ea.",{"v":255.6,"d":"$255.60"},{"v":23.5,"d":"$23.50"},0,{"v":279.1,"d":"$279.10"},{"v":511.2,"d":"$511.20"},{"v":47,"d":"$47.00"},0,{"v":558.2,"d":"$558.20"},{"v":280.83,"d":"$280.83"},{"v":38.54,"d":"$38.54"},0,{"v":319.37,"d":"$319.37"},{"v":561.66,"d":"$561.66"},{"v":77.08,"d":"$77.08"},0,{"v":638.74,"d":"$638.74"},"OPN","",null,"16"]
[{"v":2,"d":"2.00"},"230523805370","","","Valves, steel, forged, ball, threaded, 1,500 psi, 3/4\"","1 Plum",20,0.4,"Ea.",{"v":137.16,"d":"$137.16"},{"v":26.88,"d":"$26.88"},0,{"v":164.04,"d":"$164.04"},{"v":274.32,"d":"$274.32"},{"v":53.76,"d":"$53.76"},0,{"v":328.08,"d":"$328.08"},{"v":151.2,"d":"$151.20"},{"v":41.25,"d":"$41.25"},0,{"v":192.45,"d":"$192.45"},{"v":302.4,"d":"$302.40"},{"v":82.5,"d":"$82.50"},0,{"v":384.9,"d":"$384.90"},"RR","",null,"6"]
[{"v":32,"d":"32.00"},"236330108120","","","Oils, lubricating, per ounce","",0,0,"Oz.",{"v":0.3,"d":"$0.30"},0,0,{"v":0.3,"d":"$0.30"},{"v":9.6,"d":"$9.60"},0,0,{"v":9.6,"d":"$9.60"},{"v":0.33,"d":"$0.33"},0,0,{"v":0.33,"d":"$0.33"},{"v":10.56,"d":"$10.56"},0,0,{"v":10.56,"d":"$10.56"},"RR","",null,"5"]
[]
["Grand Total",{"$nulls":11},{"$f":"SUBTOTAL(9,M31:M41)","v":{"v":2745.38,"d":"$2,745.38"}},{"$f":"SUBTOTAL(9,N31:N41)","v":{"v":1277.9399999999998,"d":"$1,277.94"}},{"$f":"SUBTOTAL(9,O31:O41)","v":{"v":1102.75,"d":"$1,102.75"}},{"$f":"SUBTOTAL(9,P31:P41)","v":{"v":8.27,"d":"$8.27"}},{"$f":"SUBTOTAL(9,Q31:Q41)","v":{"v":2388.96,"d":"$2,388.96"}},{"$nulls":3},{"$f":"SUBTOTAL(9,U31:U41)","v":{"v":4049.1999999999994,"d":"$4,049.20"}},{"$f":"SUBTOTAL(9,V31:V41)","v":{"v":1406.04,"d":"$1,406.04"}},{"$f":"SUBTOTAL(9,W31:W41)","v":{"v":1792.3600000000001,"d":"$1,792.36"}},{"$f":"SUBTOTAL(9,X31:X41)","v":{"v":9.11,"d":"$9.11"}},{"$f":"SUBTOTAL(9,Y31:Y41)","v":{"v":3207.51,"d":"$3,207.51"}}]